Gramática y glosario del poema del Cid

সংরক্ষণ করুন:
গ্রন্থ-পঞ্জীর বিবরন
প্রধান লেখক: Unamuno, Miguel de
বিন্যাস: গ্রন্থ
ভাষা:Undetermined
প্রকাশিত: Madrid, España Espasa-Calpe 1977
বিষয়গুলি:
ট্যাগগুলো: ট্যাগ যুক্ত করুন
কোনো ট্যাগ নেই, প্রথমজন হিসাবে ট্যাগ করুন!

MARC

LEADER 00000nam a2200000Ia 4500
008 170316s9999 xx 000 0 und d
090 |a 862 U-2g 
100 |a Unamuno, Miguel de 
245 |a Gramática y glosario del poema del Cid 
260 |a Madrid, España 
260 |b Espasa-Calpe 
260 |c 1977 
300 |a 379 páginas 
650 |a LITERATURA ESPAÑOLA 
999 |c 25873  |d 25873 
040 |a cru BVZT 
942 |c 15 D  |h 862 U-2g  |2 z